[Event "Doha Ramadan op"]
[Site "Doha"]
[Date "2024.03.19"]
[Round "6"]
[White "Albin, Sajan"]
[Black "Ocio, Artemio Jr"]
[Result "1-0"]
[WhiteElo "1755"]
[BlackElo "1807"]
[PlyCount "45"]
[EventDate "2024.03.14"]
[EventType "swiss"]
[EventRounds "9"]
[EventCountry "QAT"]
[SourceTitle "CB15_2024"]
[SourceDate "2024.04.10"]
[SourceVersion "1"]
[SourceVersionDate "2024.04.10"]
[SourceQuality "1"]

1. d4 d5 2. c4 e6 3. Nc3 Nf6 4. cxd5 exd5 5. Bg5 Be7 6. e3 c6 7. Bd3 Ne4 8. Bxe7 Qxe7 9. Qc2 f5 10. Nxd5 cxd5 11. Qxc8+ Kf7 12. Qxf5+ Nf6 13. Nf3 g6 14. Qf4 Kg7 15. 0-0 Rf8 16. Rac1 Nc6 17. Ne5 Nb4 18. Qg3 Nxa2 19. Nxg6 hxg6 20. Rc7 Nd7 21. Qxg6+ Kh8 22. Qh5+ Kg7 23. Qh7+ 1-0

[Event "Doha Ramadan op"]
[Site "Doha"]
[Date "2024.03.18"]
[Round "5"]
[White "Tia, John O"]
[Black "Albin, Sajan"]
[Result "1/2-1/2"]
[WhiteElo "1962"]
[BlackElo "1755"]
[PlyCount "64"]
[EventDate "2024.03.14"]
[EventType "swiss"]
[EventRounds "9"]
[EventCountry "QAT"]
[SourceTitle "CB15_2024"]
[SourceDate "2024.04.10"]
[SourceVersion "1"]
[SourceVersionDate "2024.04.10"]
[SourceQuality "1"]

1. e4 c5 2. Nf3 e6 3. d4 cxd4 4. Nxd4 a6 5. Nc3 Qc7 6. g3 b5 7. Bg2 Bb7 8. a3 Nf6 9. 0-0 Be7 10. Re1 d6 11. Bg5 Nc6 12. Bxf6 gxf6 13. Nxc6 Qxc6 14. Ne2 0-0-0 15. Nd4 Qb6 16. c3 d5 17. Qb3 Bc5 18. Qc2 Kb8 19. Nb3 dxe4 20. Bxe4 Bxe4 21. Rxe4 f5 22. Re2 h5 23. Nxc5 Qxc5 24. Rd1 h4 25. Rxd8+ Rxd8 26. Rd2 Rxd2 27. Qxd2 hxg3 28. hxg3 Kc7 29. Qf4+ Qd6 30. Qe3 Kb7 31. Kf1 Qd1+ 32. Kg2 Qd5+ 1/2-1/2